Cyprus Country Quiz - Statistics

General Stats
  • This quiz has been taken 1,905 times
  • The average score is 12 of 20
Answer Stats
Hint Answer % Correct
Official languages Greek
97%
Official languages Turkish
97%
Sea that surrounds Cyprus Mediterranean
94%
Capital city Nicosia
93%
Empire it was part of, 1570-1878 Ottoman Empire
90%
Currency Euro
89%
Country that invaded in 1974 Turkey
89%
Term for a person from Cyprus Cypriot
85%
Largest branch of Christianity Eastern Orthodox
85%
Currency prior to above Pound
60%
Independence-seeking region Northern Cyprus
56%
Second biggest city Limassol
48%
Third biggest city Larnaca
40%
Another term for Cyprus' U.N. Buffer Zone, demilitarized zone {Green} Line
37%
Tallest mountain Mount Olympus
35%
British territories that are part of Cyprus Akrotiri
30%
British territories that are part of Cyprus Dhekelia
27%
Site of Tombs of the Kings Paphos
26%
Sovereign state it was part of, 1192-1570 Venetian Republic
25%
Peninsula to the northeast Karpasia
17%
No matching quizzes found
Score Distribution
Percent of People with Each Score
Percentile by Number Answered
Your Score History
You have not taken this quiz